000 01073cam a2200217 4500500
005 20260201075701.0
041 _afre
042 _adc
100 1 0 _aFougeray, Frédéric
_eauthor
245 0 0 _aUn lieu de vie - un lieu d’envie
260 _c2019.
500 _a88
520 _aFaire d’une MAS un lieu de vie et d’envie signifie que l’accompagnement va au-delà de la réponse aux besoins fondamentaux de survie, de sécurité, de santé, de bien être et de respect de l’intégrité humaine. Il est alors question d’être attentif aux besoins exprimés par la personne elle-même et de repérer quelques indices de ses satisfactions ou malaises.
690 _aAttitude du professionnel
690 _abien-traitance
690 _acommunication non verbale
690 _amaison d’accueil spécialisée
690 _aqualité de vie
786 0 _nPratiques en santé mentale | 65e aée | 1 | 2019-03-04 | p. 33-34 | 1286-1286
856 4 1 _uhttps://shs.cairn.info/revue-pratique-en-sante-mentale-2019-1-page-33?lang=fr&redirect-ssocas=7080
999 _c1640108
_d1640108